Pirate school / (Record no. 103937)
[ view plain ]
| 000 -LEADER | |
|---|---|
| fixed length control field | 00744nam a2200205 a 4500 |
| 005 - DATE AND TIME OF LATEST TRANSACTION | |
| control field | 20140412111310.0 |
| 008 - FIXED-LENGTH DATA ELEMENTS--GENERAL INFORMATION | |
| fixed length control field | 030416s19uu xx 00 eng d |
| 020 ## - INTERNATIONAL STANDARD BOOK NUMBER | |
| International Standard Book Number | 0-448-41132-6 |
| 050 ## - LIBRARY OF CONGRESS CALL NUMBER | |
| Classification number | ER |
| Item number | Pi57 1996 |
| 100 ## - MAIN ENTRY--PERSONAL NAME | |
| Personal name | Dubowski, Cathy East |
| 245 ## - TITLE STATEMENT | |
| Title | Pirate school / |
| Statement of responsibility, etc | by Cathy East Duboswki and Mark Dubowski. |
| 260 ## - PUBLICATION, DISTRIBUTION, ETC. (IMPRINT) | |
| Place of publication, distribution, etc | New York : |
| Name of publisher, distributor, etc | Grosset & Dunlap, |
| Date of publication, distribution, etc | 1996. |
| 300 ## - PHYSICAL DESCRIPTION | |
| Extent | 48 p. ; ill. |
| 440 ## - SERIES STATEMENT/ADDED ENTRY--TITLE | |
| Title | All Aboard Reading, Level 2 |
| 520 ## - SUMMARY, ETC. | |
| Summary, etc | At Pirate School, Pete learns to act like a pirate and fight it out, but when he and a classmate find the treasure at the same time, pirate rules don't seem work. |
| 650 ## - SUBJECT ADDED ENTRY--TOPICAL TERM | |
| Topical term or geographic name as entry element | Pirates--Fiction |
| 650 ## - SUBJECT ADDED ENTRY--TOPICAL TERM | |
| Topical term or geographic name as entry element | Schools--Fiction |
| 650 ## - SUBJECT ADDED ENTRY--TOPICAL TERM | |
| Topical term or geographic name as entry element | Treasure hunts--Fiction |
| Withdrawn status | Lost status | Damaged status | Use restrictions | Home library | Current library | Shelving location | Date acquired | Source of acquisition | Total Checkouts | Full call number | Barcode | Date last seen | Price effective from | Koha item type |
|---|---|---|---|---|---|---|---|---|---|---|---|---|---|---|
| Elizalde Library | Elizalde Library | Easy Reading Section | 04/16/2003 | ER Pi57 1996 | E6135 | 04/12/2014 | 04/12/2014 | Books |